Modern Greek culture : a selected bibliography
Αποθηκεύτηκε σε:
| Κύριος συγγραφέας: | |
|---|---|
| Άλλοι συγγραφείς: | , |
| Μορφή: | Βιβλίο |
| Γλώσσα: | English |
| Δημοσίευση: |
Athens :
Neo-Hellenic Research Centre of the Royal Hellenic Research Foundation,
1970
|
| Έκδοση: | 3rd ed., rev. |
| Θέματα: | |
| Ετικέτες: |
Προσθήκη ετικέτας
Δεν υπάρχουν, Καταχωρήστε ετικέτα πρώτοι!
|
MARC
| LEADER | 00000cam a2200000 i 4500 | ||
|---|---|---|---|
| 001 | 1/6549 | ||
| 008 | 960709s1970 eng d | ||
| 035 | |l 10016391 | ||
| 040 | |a GR-MY-UA |b gre |e aacr | ||
| 041 | 0 | |a eng | |
| 082 | 0 | |a 016.9149503 | |
| 100 | 1 | |a Δημαράς, Κ. Θ. |q (Κωνσταντίνος Θ.), |d 1904-1992. | |
| 245 | 1 | 0 | |a Modern Greek culture : |b a selected bibliography / |c C. Th. Dimaras; C. Koumarianou; L. Droulia |
| 250 | |a 3rd ed., rev. | ||
| 260 | |a Athens : |b Neo-Hellenic Research Centre of the Royal Hellenic Research Foundation, |c 1970 | ||
| 300 | |a viii, 110 σ.; |c 24 εκ. | ||
| 500 | |a In english, french, german, italian | ||
| 504 | |a Περιέχει ευρετήριο | ||
| 650 | 0 | 0 | |a Philosophy, Greek (Modern) |x Bibliography. |
| 651 | 0 | |a Greece |x Bibliography. | |
| 700 | 1 | |a Κουμαριανού, Αικατερίνη, |d 1919-2012. | |
| 700 | 1 | |a Δρούλια, Λουκία. | |
| 852 | |a INST |b LESVOS |e 19960709 |h 016.9149503 ΔΗΜ |p 005100009742 |q 005100009742 |t BK |y 0 | ||
| 909 | |a Λ |b 036662 | ||
| 922 | |a 1ΔΩΡ |b 199409 |c ΤΚΑ | ||